[Event "29. Staufer-Open (B)"]
[Site "?"]
[Date "2017.01.02"]
[Round "2"]
[White "Macho, Roland"]
[Black "Adam, Wilfried"]
[Result "0-1"]
[WhiteElo "1986"]
[BlackElo "1872"]
[PlyCount "58"]
[EventDate "2017.??.??"]
[WhiteTeam "SV Hussenhofen"]
[BlackTeam "SC Bad Wimpfen"]

1. e4 Nc6 2. d4 e5 3. d5 Nce7 4. Nf3 d6 5. c4 g6 6. Nc3 Bg7 7. Bd2 Nf6 8. b4 b6
9. c5 bxc5 10. bxc5 O-O 11. c6 Nfxd5 12. exd5 e4 13. Ng5 Re8 14. Bc4 e3 15.
Nxf7 Kxf7 16. fxe3 Nf5 17. O-O Kg8 18. Rb1 Nxe3 19. Bxe3 Rxe3 20. Ne2 Bf5 21.
Rb7 Qh4 22. Rf4 Qe7 23. g4 Be5 24. Kf2 Bxf4 25. Nxf4 Qe4 26. Ng2 Bxg4 27. Qb1
Rf3+ 28. Kg1 Qd4+ 29. Kh1 Qxc4 0-1

[Event "29. Staufer-Open (B)"]
[Site "?"]
[Date "2017.01.02"]
[Round "2"]
[White "Locher, Klaus"]
[Black "Gheng, Simona"]
[Result "0-1"]
[WhiteElo "1844"]
[BlackElo "1975"]
[PlyCount "122"]
[EventDate "2017.??.??"]
[WhiteTeam "SC Weiße Dame Ulm"]
[BlackTeam "SF Deizisau"]

1. c4 e6 2. Nc3 d5 3. d4 Nf6 4. Bg5 Be7 5. e3 h6 6. Bh4 O-O 7. Bd3 b6 8. Nge2
Bb7 9. f3 c5 10. Qc2 Nc6 11. Qd2 cxd4 12. exd4 dxc4 13. Bxc4 Nd5 14. Bf2 Na5
15. Bd3 Bg5 16. f4 Bh4 17. O-O Rc8 18. Rac1 Nxc3 19. Nxc3 Nc4 20. Qe2 Bxf2+ 21.
Qxf2 Nxb2 22. Bb1 Nc4 23. f5 Qg5 24. Ne4 Bxe4 25. Bxe4 Qe3 26. Rce1 Qxf2+ 27.
Rxf2 exf5 28. Bxf5 Rcd8 29. Rf4 g5 30. Rg4 Nd6 31. Bc2 Rfe8 32. Rf1 Re2 33. Bb3
Kg7 34. d5 Rde8 35. h4 f5 36. Ra4 R8e7 37. hxg5 hxg5 38. Rc1 g4 39. Rf4 Kf6 40.
Rc6 Re1+ 41. Rf1 Rxf1+ 42. Kxf1 Ke5 43. Rc2 Rh7 44. Re2+ Ne4 45. Rc2 Rh1+ 46.
Ke2 Rg1 47. Kd3 Nc5+ 48. Ke3 Nxb3 49. axb3 Kxd5 50. Rc7 Rxg2 51. Rxa7 Rg3+ 52.
Kf4 Rxb3 53. Kxf5 g3 54. Rd7+ Kc4 55. Ke4 b5 56. Rc7+ Kb4 57. Rg7 Rc3 58. Rg5
Ka4 59. Rg8 b4 60. Ra8+ Kb3 61. Rb8 Kc2 0-1

[Event "29. Staufer-Open (B)"]
[Site "?"]
[Date "2017.01.02"]
[Round "2"]
[White "Starcevic, Bozo"]
[Black "Schlötterer, Hermann"]
[Result "0-1"]
[WhiteElo "1933"]
[BlackElo "1836"]
[PlyCount "90"]
[EventDate "2017.??.??"]
[WhiteTeam "SC Tettnang"]
[BlackTeam "Zabo-Eintracht Nürnberg"]

1. d4 Nf6 2. c4 c5 3. e3 g6 4. Nc3 Bg7 5. Nf3 O-O 6. Bd3 d6 7. h3 Nbd7 8. O-O
Re8 9. Ng5 h6 10. Nf3 b6 11. d5 Nh7 12. Qc2 Ndf8 13. e4 e5 14. Ne2 Qf6 15. Kh2
g5 16. Neg1 h5 17. g3 Ng6 18. Ne1 g4 19. Be2 Qe7 20. Ng2 Bf6 21. f3 gxh3 22.
Nxh3 Bxh3 23. Kxh3 Kg7 24. f4 exf4 25. Bxh5 Ng5+ 26. Kh2 fxg3+ 27. Kg1 Nh3+ 28.
Kh1 Nf2+ 29. Kg1 Rh8 30. Nf4 Nxf4 31. Bxf4 Nh3+ 32. Kg2 Nxf4+ 33. Rxf4 Rxh5 34.
Rg4+ Rg5 35. Qe2 Rh8 36. Rh1 Rxh1 37. Kxh1 Qd7 38. Rxg5+ Bxg5 39. Kg2 Qe7 40.
b4 Qe5 41. bxc5 bxc5 42. Qg4 Qf4 43. Qe2 Qd2 44. Qxd2 Bxd2 45. Kxg3 Kf6 0-1

[Event "29. Staufer-Open (B)"]
[Site "?"]
[Date "2017.01.02"]
[Round "2"]
[White "Kempfer, Justus"]
[Black "Häussler, Stefan"]
[Result "0-1"]
[WhiteElo "1783"]
[BlackElo "1921"]
[PlyCount "40"]
[EventDate "2017.??.??"]
[WhiteTeam "SC Herborn"]
[BlackTeam "SC Leinzell"]

1. e4 d5 2. exd5 Nf6 3. d4 Nxd5 4. Nf3 Bf5 5. c3 e6 6. Be2 Nd7 7. O-O c6 8.
Nbd2 Bd6 9. Re1 Rc8 10. Qb3 b5 11. a4 a6 12. axb5 axb5 13. Bxb5 Nb4 14. Ne4
Bxe4 15. Rxe4 Nf6 16. Bg5 cxb5 17. cxb4 Rc4 18. Ra6 Qc8 19. Qa2 Nxe4 20. Ra8
Bb8 0-1

[Event "29. Staufer-Open (A)"]
[Site "?"]
[Date "2017.01.02"]
[Round "2"]
[White "Hahn, Markus"]
[Black "Kugelmann, Werner"]
[Result "1-0"]
[WhiteElo "2324"]
[BlackElo "2134"]
[PlyCount "73"]
[EventDate "2017.??.??"]
[WhiteTeam "Kasseler SK"]
[BlackTeam "TSV Wertingen"]

1. d4 Nf6 2. c4 g6 3. Nf3 Bg7 4. Nc3 O-O 5. e4 d6 6. h3 e5 7. d5 a5 8. Bg5 h6
9. Be3 Na6 10. Be2 Nc5 11. Nd2 b6 12. g4 Ne8 13. h4 f5 14. exf5 gxf5 15. g5 f4
16. Bxc5 dxc5 17. Nde4 Nd6 18. Nxd6 cxd6 19. Ne4 Bf5 20. Qc2 hxg5 21. hxg5 Qxg5
22. Nxg5 Bxc2 23. Kd2 Bf5 24. Bd3 Ra7 25. Rag1 Rf6 26. Bxf5 Rxf5 27. f3 Rd7 28.
Kd3 e4+ 29. Nxe4 Kf8 30. Rg6 a4 31. Rh7 b5 32. b3 axb3 33. axb3 bxc4+ 34. Kxc4
Re5 35. Nxd6 Rxd6 36. Rxd6 Kg8 37. Rxg7+ 1-0

[Event "29. Staufer-Open (A)"]
[Site "?"]
[Date "2017.01.02"]
[Round "2"]
[White "Jurek, Josef"]
[Black "Schlotterbeck, Peter"]
[Result "1/2-1/2"]
[WhiteElo "2272"]
[BlackElo "2097"]
[PlyCount "99"]
[EventDate "2017.??.??"]
[WhiteTeam "SG SchwÃ¤bisch GmÃ¼nd"]
[BlackTeam "SC Kirchentellinsfurt"]

1. Nf3 d5 2. d4 e6 3. g3 c6 4. Bg2 f5 5. O-O Bd6 6. c4 Nf6 7. b3 Qe7 8. Bb2 O-O
9. Qc1 Ne4 10. Ba3 Nd7 11. Bxd6 Qxd6 12. Qa3 Qxa3 13. Nxa3 g5 14. Rac1 Kg7 15.
Rc2 g4 16. Ne1 Ndf6 17. Nd3 Bd7 18. Nf4 Rae8 19. Nb1 Re7 20. Nc3 Be8 21. Nd1
Nh5 22. Nxh5+ Bxh5 23. Nb2 Ng5 24. Nd3 Be8 25. Rd1 Kf6 26. f3 h5 27. Rf1 Kg7
28. Nf4 Rh8 29. Nd3 Bg6 30. f4 Nf7 31. e3 h4 32. Rfc1 Nd6 33. c5 Ne8 34. b4 Nf6
35. Nf2 Be8 36. a4 Kg6 37. Rb2 Reh7 38. b5 hxg3 39. hxg3 Nh5 40. Nh1 Kf6 41.
Kf2 Ke7 42. Rg1 Nf6 43. Ke2 Rh2 44. Nf2 Nh5 45. Bf1 Nf6 46. Rg2 R2h7 47. Kd3
Kd8 48. Kc3 Kc8 49. Kb4 Rh2 50. Ka3 1/2-1/2

[Event "29. Staufer-Open (A)"]
[Site "?"]
[Date "2017.01.02"]
[Round "2"]
[White "Stets, Dmitry"]
[Black "Reimann, Sebastian"]
[Result "1-0"]
[WhiteElo "2425"]
[BlackElo "2152"]
[PlyCount "71"]
[EventDate "2017.??.??"]
[WhiteTeam "SF Gerresheim"]
[BlackTeam "SK Kriegshaber"]

1. e4 e5 2. Nf3 Nc6 3. Bb5 Nf6 4. d4 Nxe4 5. dxe5 d5 6. Nbd2 Nxd2 7. Qxd2 Be7
8. Qf4 O-O 9. Qg3 Bf5 10. Bxc6 bxc6 11. Nd4 Qd7 12. Bf4 c5 13. Nxf5 Qxf5 14.
O-O-O d4 15. h4 Rab8 16. Bg5 Rfe8 17. f4 Bf8 18. h5 Qe6 19. h6 g6 20. b3 Qa6
21. Kb1 c4 22. Rxd4 cxb3 23. axb3 c5 24. Qd3 Rb5 25. Rd7 Reb8 26. Qd5 Qe6 27.
Qxe6 fxe6 28. Rxa7 c4 29. Rd1 cxb3 30. c4 Rb4 31. Rdd7 Rxc4 32. Rxh7 b2 33.
Rhc7 Rc1+ 34. Rxc1 bxc1=Q+ 35. Kxc1 Rc8+ 36. Kd1 1-0

[Event "29. Staufer-Open (A)"]
[Site "?"]
[Date "2017.01.02"]
[Round "2"]
[White "Schulze, Andreas"]
[Black "Karimi, Farhad"]
[Result "0-1"]
[WhiteElo "2206"]
[BlackElo "2093"]
[PlyCount "70"]
[EventDate "2017.??.??"]
[WhiteTeam "TG Biberach"]
[BlackTeam "SatranÃ§ Club"]

1. e4 c5 2. Nf3 Nc6 3. d4 cxd4 4. Nxd4 e5 5. Nb5 d6 6. N5a3 a6 7. Nc4 b5 8. Ne3
Nce7 9. c4 Nf6 10. Nc3 b4 11. Qa4+ Bd7 12. Qxb4 d5 13. cxd5 Nexd5 14. Qb3 Rb8
15. Nexd5 Rxb3 16. Nxf6+ Qxf6 17. axb3 Bc5 18. f3 O-O 19. Rxa6 Qd8 20. Bc4 Bc8
21. Ra4 Kh8 22. Bd5 Qh4+ 23. g3 Qh3 24. b4 Bd4 25. Ra8 Qg2 26. Rf1 Kg8 27. g4
Qc2 28. Ne2 Bd7 29. Ra5 Bb6 30. Bd2 Bxa5 31. bxa5 Bb5 32. Rg1 Qxb2 33. Nc3 Rc8
34. Nd1 Rc1 35. Rg2 Rb1 0-1

[Event "29. Staufer-Open (A)"]
[Site "?"]
[Date "2017.01.03"]
[Round "3"]
[White "Burmakin, Vladimir"]
[Black "Wöllermann, Jan"]
[Result "1-0"]
[WhiteElo "2526"]
[BlackElo "2384"]
[PlyCount "119"]
[EventDate "2017.??.??"]
[WhiteTeam "SF 90 Spraitbach"]
[BlackTeam "AE Magdeburg"]

1. d4 Nf6 2. Nf3 e6 3. g3 b5 4. Qd3 a6 5. a4 b4 6. e4 Bb7 7. e5 Ne4 8. Bg2 d5
9. exd6 Nxd6 10. O-O Nd7 11. Bg5 Be7 12. Bxe7 Qxe7 13. Nbd2 O-O 14. Nb3 Be4 15.
Qe2 Bd5 16. Rfe1 Nc4 17. Nfd2 Bxg2 18. Kxg2 Nxd2 19. Qxd2 Qd6 20. Qd3 Rfd8 21.
Kg1 h6 22. a5 Rab8 23. Rad1 Rb5 24. Nd2 Qc6 25. Nc4 Rd5 26. Ne3 Rd6 27. d5 Qb7
28. Qe2 Nf8 29. dxe6 fxe6 30. Nc4 Rd5 31. Rxd5 Rxd5 32. b3 Qb5 33. Qe3 Qe8 34.
Qa7 Qc6 35. Qb8 Rb5 36. Qd8 Rf5 37. Qd2 Qc5 38. Re3 Kh7 39. Qe1 Kg8 40. Re4 Qd5
41. Rg4 Qd7 42. Re4 Qd5 43. Re2 Qc5 44. Rd2 Rd5 45. Re2 Rf5 46. h4 Rd5 47. Re4
Rd8 48. Re5 Rd5 49. Rxd5 exd5 50. Qe5 c6 51. Ne3 Kf7 52. Qc7+ Kg8 53. Nf5 Qc3
54. Kg2 Kh7 55. Qf7 Ng6 56. h5 Nh8 57. Qe6 Qxc2 58. Ne7 Qe4+ 59. Qxe4+ dxe4 60.
Nxc6 1-0

[Event "29. Staufer-Open (A)"]
[Site "?"]
[Date "2017.01.03"]
[Round "3"]
[White "Kostic, Vladimir"]
[Black "Miezis, Normunds"]
[Result "1/2-1/2"]
[WhiteElo "2352"]
[BlackElo "2507"]
[PlyCount "29"]
[EventDate "2017.??.??"]
[WhiteTeam "SK München Südost"]
[BlackTeam "SC Emmendingen"]

1. e4 c5 2. Nf3 e6 3. d4 cxd4 4. Nxd4 a6 5. Bd3 Nc6 6. Nxc6 dxc6 7. O-O e5 8.
Nd2 Nf6 9. Nc4 Qc7 10. Be3 Nd7 11. a4 b5 12. Nd2 Rb8 13. axb5 cxb5 14. Qf3 Bc5
15. Qg3 1/2-1/2

[Event "29. Staufer-Open (A)"]
[Site "?"]
[Date "2017.01.03"]
[Round "3"]
[White "Dgebuadze, Alexandre"]
[Black "Hahn, Markus"]
[Result "1-0"]
[WhiteElo "2505"]
[BlackElo "2324"]
[PlyCount "81"]
[EventDate "2017.??.??"]
[BlackTeam "Kasseler SK"]

1. e4 c5 2. Nc3 e6 3. g3 Nc6 4. Bg2 g6 5. d3 Bg7 6. Be3 d6 7. Qd2 Nd4 8. Nd1 e5
9. c3 Nc6 10. Ne2 Nge7 11. Bh6 O-O 12. Bxg7 Kxg7 13. h4 h5 14. Ne3 Be6 15. f4
d5 16. f5 gxf5 17. exd5 f4 18. dxc6 fxe3 19. Qxe3 Nxc6 20. Bxc6 bxc6 21. Qxe5+
Qf6 22. Qxf6+ Kxf6 23. Nf4 Bg4 24. O-O Kg7 25. Rae1 Rfe8 26. Kf2 a5 27. Rxe8
Rxe8 28. Re1 Rb8 29. b3 a4 30. Re5 c4 31. dxc4 axb3 32. axb3 Rxb3 33. Nxh5+ Kh6
34. Nf6 Be6 35. g4 Rxc3 36. g5+ Kg7 37. c5 Bd5 38. Re8 Kg6 39. Rg8+ Kf5 40. h5
Bc4 41. h6 1-0

[Event "29. Staufer-Open (A)"]
[Site "?"]
[Date "2017.01.03"]
[Round "3"]
[White "Teske, Henrik"]
[Black "Rafiee, Makan"]
[Result "1/2-1/2"]
[WhiteElo "2498"]
[BlackElo "2316"]
[PlyCount "36"]
[EventDate "2017.??.??"]
[WhiteTeam "SV Empor Erfurt"]
[BlackTeam "Kasseler SK"]

1. Nf3 Nf6 2. g3 c5 3. Bg2 Nc6 4. O-O e5 5. e4 Be7 6. Re1 O-O 7. c3 d6 8. Na3
Rb8 9. d4 cxd4 10. cxd4 Bg4 11. d5 Nd4 12. Nc2 Nxf3+ 13. Bxf3 Bxf3 14. Qxf3 Nd7
15. b3 Qa5 16. Re2 Rbc8 17. Ne3 g6 18. Kg2 Qa6 1/2-1/2

[Event "29. Staufer-Open (A)"]
[Site "?"]
[Date "2017.01.03"]
[Round "3"]
[White "Keller, Peter"]
[Black "Gavrilov, Alexei"]
[Result "1/2-1/2"]
[WhiteElo "2295"]
[BlackElo "2498"]
[PlyCount "41"]
[EventDate "2017.??.??"]
[WhiteTeam "Frankfurter TV"]

1. e4 c6 2. d4 d5 3. e5 Bf5 4. Nf3 e6 5. Be2 c5 6. Be3 Qb6 7. Nc3 Nc6 8. O-O
Qxb2 9. Qe1 cxd4 10. Bxd4 Nxd4 11. Nxd4 Bb4 12. Rb1 Qxc3 13. Rxb4 Qxe1 14. Rxe1
b6 15. Bb5+ Kf8 16. Nxf5 exf5 17. Rd4 Ne7 18. c4 a6 19. Bd7 dxc4 20. Rxc4 Ra7
21. Bxf5 1/2-1/2

[Event "29. Staufer-Open (A)"]
[Site "?"]
[Date "2017.01.03"]
[Round "3"]
[White "Kaiser, Marius"]
[Black "Kantor, Gergely"]
[Result "0-1"]
[WhiteElo "1972"]
[BlackElo "2448"]
[PlyCount "68"]
[EventDate "2017.??.??"]
[WhiteTeam "SC Tettnang"]

1. Nc3 Nf6 2. e4 e5 3. Nf3 Nc6 4. d4 exd4 5. Nxd4 Bb4 6. Nxc6 bxc6 7. Bd3 O-O
8. O-O d5 9. exd5 cxd5 10. Bg5 c6 11. Na4 h6 12. Bh4 Be6 13. c3 Bd6 14. Bc2 c5
15. Qd3 g6 16. f4 Bf5 17. Qd2 Bxc2 18. Qxc2 Be7 19. Bxf6 Bxf6 20. Nxc5 Rc8 21.
Nd3 Qb6+ 22. Qf2 d4 23. Ne5 dxc3 24. Qxb6 axb6 25. bxc3 Rxc3 26. Rab1 Rb8 27.
Rb4 Be7 28. Ra4 b5 29. Ra6 Rd8 30. f5 Rd5 31. Ng4 h5 32. Nh6+ Kh7 33. Nxf7 Bc5+
34. Kh1 Rxf5 0-1

[Event "29. Staufer-Open (A)"]
[Site "?"]
[Date "2017.01.03"]
[Round "3"]
[White "Womacka, Mathias"]
[Black "Krastev, Alexander"]
[Result "1/2-1/2"]
[WhiteElo "2435"]
[BlackElo "1961"]
[PlyCount "34"]
[EventDate "2017.??.??"]
[WhiteTeam "SK Schwäbisch Hall"]
[BlackTeam "Biebertaler SF"]

1. e4 e5 2. Nf3 Nc6 3. Bb5 f5 4. d3 fxe4 5. dxe4 Nf6 6. O-O d6 7. Nc3 Be7 8.
Qd3 O-O 9. Bc4+ Kh8 10. Ng5 Qe8 11. Ne6 Bxe6 12. Bxe6 Nd4 13. Bh3 Qg6 14. Be3
c5 15. Rad1 Rab8 16. Bxd4 cxd4 17. Nd5 Bd8 1/2-1/2

[Event "29. Staufer-Open (A)"]
[Site "?"]
[Date "2017.01.03"]
[Round "3"]
[White "Seehaus, Bernhard"]
[Black "Nagy, Gabor"]
[Result "0-1"]
[WhiteElo "1956"]
[BlackElo "2433"]
[PlyCount "68"]
[EventDate "2017.??.??"]
[WhiteTeam "Schachforum Darmstadt"]

1. c3 g6 2. d3 Bg7 3. Nf3 c5 4. g3 Nc6 5. Bg2 e5 6. e4 Nge7 7. Be3 d6 8. O-O
O-O 9. h3 h6 10. Qd2 Kh7 11. Na3 f5 12. Nc2 Be6 13. Nh2 Qd7 14. exf5 Nxf5 15.
g4 Nh4 16. Bh1 Rf7 17. f3 Raf8 18. Ne1 Ne7 19. Bf2 Bf6 20. Ng2 Nxg2 21. Bxg2
Nd5 22. Rae1 Nf4 23. Be3 Bh4 24. Rd1 b5 25. b3 Bd5 26. d4 exd4 27. cxd4 c4 28.
Rb1 c3 29. Qc2 b4 30. Bf2 Bxf2+ 31. Rxf2 Re8 32. Nf1 Qe7 33. Rd1 a5 34. Ng3 Qe3
0-1

[Event "29. Staufer-Open (A)"]
[Site "?"]
[Date "2017.01.03"]
[Round "3"]
[White "Zeller, Frank"]
[Black "Beuter, Christof"]
[Result "1-0"]
[WhiteElo "2389"]
[BlackElo "1899"]
[PlyCount "61"]
[EventDate "2017.??.??"]
[WhiteTeam "SK Schwäbisch Hall"]
[BlackTeam "SK Horb"]

1. e4 c5 2. Nf3 a6 3. Nc3 e6 4. d4 cxd4 5. Nxd4 Qc7 6. Be2 Nf6 7. O-O Bb4 8.
Qd3 b6 9. Bd2 Nc6 10. Nxc6 dxc6 11. f4 O-O 12. Qg3 Rd8 13. Bd3 Bc5+ 14. Kh1 Bd4
15. e5 Ne8 16. Rae1 c5 17. f5 exf5 18. Bg5 f6 19. Bc4+ Kh8 20. exf6 Qxg3 21. f7
Qxg2+ 22. Kxg2 Bb7+ 23. Bd5 Bxd5+ 24. Nxd5 Nf6 25. Bxf6 gxf6 26. Nc7 Be5 27.
Rxe5 fxe5 28. Rxf5 Rac8 29. Ne6 Rf8 30. Kf3 h6 31. Ke4 1-0

[Event "29. Staufer-Open (A)"]
[Site "?"]
[Date "2017.01.03"]
[Round "3"]
[White "Karimi, Farhad"]
[Black "Vorobiov, Evgeny E"]
[Result "0-1"]
[WhiteElo "2093"]
[BlackElo "2585"]
[PlyCount "72"]
[EventDate "2017.??.??"]
[WhiteTeam "Satranç Club"]
[BlackTeam "SF 90 Spraitbach"]

1. d4 Nf6 2. c4 g6 3. Nc3 Bg7 4. e4 d6 5. h3 O-O 6. Be3 c6 7. Nf3 Na6 8. a3 Nc7
9. Be2 a6 10. Qc2 b5 11. Rd1 bxc4 12. Bxc4 d5 13. Bd3 dxe4 14. Nxe4 Ncd5 15.
Nxf6+ exf6 16. Qxc6 Rb8 17. Qc1 Re8 18. O-O Nxe3 19. fxe3 Bh6 20. Rde1 Rb3 21.
Qc2 Qb6 22. e4 Rxb2 23. Rb1 Rxb1 24. Rxb1 Qd6 25. Qc3 Bxh3 26. e5 fxe5 27. dxe5
Qd5 28. Bxa6 Bf5 29. Re1 Ra8 30. Qc4 Qa5 31. Bb7 Qb6+ 32. Nd4 Rd8 33. Bd5 Be6
34. Bxe6 Rxd4 35. Bxf7+ Kg7 36. Qf1 Rh4+ 0-1

[Event "29. Staufer-Open (A)"]
[Site "?"]
[Date "2017.01.03"]
[Round "3"]
[White "Krassowizkij, Jaroslaw"]
[Black "Döserich, Jürgen"]
[Result "1-0"]
[WhiteElo "2447"]
[BlackElo "2046"]
[PlyCount "71"]
[EventDate "2017.??.??"]
[WhiteTeam "SV Griesheim"]
[BlackTeam "Schw. Pumpe Freiburg"]

1. d4 d5 2. c4 e6 3. Nc3 Nf6 4. cxd5 exd5 5. Bg5 c6 6. e3 h6 7. Bh4 Be7 8. Bd3
Ne4 9. Bxe7 Qxe7 10. Bxe4 dxe4 11. Qc2 Bf5 12. Nge2 Bh7 13. O-O-O O-O 14. g4
Re8 15. h4 Nd7 16. g5 Nb6 17. gxh6 gxh6 18. Nf4 Rac8 19. Kb1 Red8 20. Qe2 Kh8
21. Qh5 Qf6 22. Qa5 Ra8 23. Nce2 Nd5 24. Rdg1 Nxf4 25. Nxf4 Qf5 26. Qc3 f6 27.
h5 Rg8 28. Qb3 Rg5 29. Qxb7 Rag8 30. Rc1 Rg4 31. Ka1 Rxf4 32. exf4 Qxf4 33.
Qxc6 Rg2 34. Rhg1 Rg5 35. Rxg5 Qxg5 36. d5 1-0

[Event "29. Staufer-Open (A)"]
[Site "?"]
[Date "2017.01.03"]
[Round "3"]
[White "Buschle, Lukas"]
[Black "Stets, Dmitry"]
[Result "0-1"]
[WhiteElo "2051"]
[BlackElo "2425"]
[PlyCount "112"]
[EventDate "2017.??.??"]
[WhiteTeam "SG Donautal Tuttlingen"]
[BlackTeam "SF Gerresheim"]

1. d4 Nf6 2. c4 g6 3. Nc3 Bg7 4. e4 d6 5. f4 c5 6. d5 O-O 7. Nf3 e6 8. Be2 exd5
9. cxd5 Bg4 10. O-O Nbd7 11. h3 Bxf3 12. Bxf3 Qa5 13. a4 Rac8 14. Be3 Rfe8 15.
Re1 a6 16. Qc2 c4 17. Rad1 Rb8 18. Ba7 Ra8 19. Bd4 Nc5 20. Re2 Nd3 21. g3 Nxd5
22. Bxg7 N5b4 23. Qd2 Kxg7 24. Nd5 Qc5+ 25. Kh2 Nxd5 26. exd5 Rxe2+ 27. Qxe2
Kf8 28. Qc2 Re8 29. Bg2 b5 30. axb5 axb5 31. f5 gxf5 32. Rf1 Re5 33. Qd2 Qe3
34. Qa5 f4 35. Qd8+ Kg7 36. Rf3 Qd2 37. gxf4 Nxf4 38. Rg3+ Ng6 39. Qxd6 Qf4 40.
Qa3 b4 41. Qf3 Qxf3 42. Bxf3 Re3 43. Bg4 Rxg3 44. Kxg3 Kf6 45. d6 Ne5 46. d7
Ke7 47. Bf5 h6 48. Kf4 Nxd7 49. Ke4 Kd6 50. Kd4 Ne5 51. Bc8 f6 52. Ba6 f5 53.
Bxc4 Nxc4 54. Kxc4 Ke5 55. Kxb4 Kd4 56. Kb3 Kd3 0-1

[Event "29. Staufer-Open (A)"]
[Site "?"]
[Date "2017.01.03"]
[Round "3"]
[White "Velicka, Petr"]
[Black "Scholl, Martin"]
[Result "1-0"]
[WhiteElo "2420"]
[BlackElo "2037"]
[PlyCount "61"]
[EventDate "2017.??.??"]
[WhiteTeam "SK Passau"]
[BlackTeam "TSV/RSK Esslingen"]

1. e4 b6 2. d4 Bb7 3. Bd3 e6 4. Nf3 c5 5. c3 cxd4 6. cxd4 Nf6 7. Nc3 Bb4 8. Qe2
h6 9. Bd2 a6 10. e5 Bxc3 11. bxc3 Nd5 12. c4 Ne7 13. O-O Bxf3 14. Qxf3 Nbc6 15.
Bc3 O-O 16. d5 Na7 17. a4 Re8 18. Rab1 Rc8 19. Bd4 Rb8 20. Rb3 Nac8 21. Rfb1
Ng6 22. Qg3 Qh4 23. Qxh4 Nxh4 24. f4 d6 25. exd6 Nxd6 26. Rxb6 Rxb6 27. Rxb6
Ndf5 28. Bf2 exd5 29. cxd5 g5 30. fxg5 hxg5 31. d6 1-0

[Event "29. Staufer-Open (A)"]
[Site "?"]
[Date "2017.01.03"]
[Round "3"]
[White "Günther, Christian"]
[Black "Skembris, Spyridon"]
[Result "1/2-1/2"]
[WhiteElo "2034"]
[BlackElo "2388"]
[PlyCount "71"]
[EventDate "2017.??.??"]
[WhiteTeam "SG Turm Albstadt"]
[BlackTeam "SC Grunbach"]

1. d4 Nf6 2. c4 c5 3. d5 e6 4. Nc3 exd5 5. Nxd5 Nxd5 6. Qxd5 d6 7. Bg5 Be7 8.
Nf3 Bxg5 9. Qxg5 Qa5+ 10. Qd2 Nc6 11. Qxa5 Nxa5 12. b3 a6 13. O-O-O Ke7 14. e3
Be6 15. Be2 Rab8 16. Kc2 b5 17. Kc3 bxc4 18. bxc4 Rb4 19. Rb1 Bxc4 20. Rxb4
cxb4+ 21. Kxb4 Rb8+ 22. Kxa5 Bxe2 23. Nd4 Rb2 24. a4 Kd7 25. Rc1 Bd3 26. Rc3
Bf1 27. Rc2 Rb1 28. g3 g6 29. Ne2 Rb8 30. Nd4 h5 31. h4 Rb1 32. Ne2 Ke6 33.
Nd4+ Kd7 34. Ne2 Ke6 35. Nd4+ Kd7 36. Ne2 1/2-1/2

[Event "29. Staufer-Open (A)"]
[Site "?"]
[Date "2017.01.03"]
[Round "3"]
[White "Fellhauer, Clemens"]
[Black "Hacker, Jonas"]
[Result "1/2-1/2"]
[WhiteElo "2025"]
[BlackElo "2382"]
[PlyCount "123"]
[EventDate "2017.??.??"]
[WhiteTeam "SK Mühlhausen"]
[BlackTeam "SC Eppingen"]

1. e4 e5 2. Nf3 Nc6 3. Bc4 Nf6 4. d3 Be7 5. c3 d6 6. Bb3 O-O 7. h3 Na5 8. Bc2
c5 9. Nbd2 Nc6 10. Nf1 d5 11. Qe2 b6 12. Ne3 Ba6 13. c4 dxe4 14. dxe4 Nd4 15.
Nxd4 cxd4 16. Nf5 Bb4+ 17. Kf1 Qc7 18. Bd3 Rfc8 19. Bg5 Ne8 20. b3 f6 21. Bd2
Bxd2 22. Qxd2 Nd6 23. Nxd6 Qxd6 24. Ke2 Rc7 25. Rhc1 Bb7 26. f3 Rac8 27. a4 a5
28. Rab1 Ba6 29. Kf2 h6 30. h4 h5 31. Rg1 Rf8 32. g3 Bc8 33. Kg2 Be6 34. Rbe1
Qa3 35. Qc2 Qb4 36. Rb1 Rd8 37. Qe2 Rf7 38. Kh2 Rdf8 39. Rg2 Qc3 40. Qd1 Qb4
41. Qd2 Qxd2 42. Rxd2 Rc7 43. Re1 Kf7 44. f4 Ke7 45. f5 Bf7 46. Rg1 Kd6 47. Kg2
Kc5 48. Kf3 Kb4 49. Rb1 Be8 50. Rc2 Rg8 51. Rbc1 Bd7 52. c5 Rxc5 53. Rxc5 bxc5
54. Bc4 Rc8 55. Ke2 Rc7 56. Kd3 Be8 57. Be6 c4+ 58. Rxc4+ Rxc4 59. Bxc4 Kc5 60.
Be6 Kb4 61. Bc4 Kc5 62. Be6 1/2-1/2

[Event "29. Staufer-Open (A)"]
[Site "?"]
[Date "2017.01.03"]
[Round "3"]
[White "Hehn, Hartmut"]
[Black "Bogdanov, Egor"]
[Result "1/2-1/2"]
[WhiteElo "2018"]
[BlackElo "2379"]
[PlyCount "60"]
[EventDate "2017.??.??"]
[WhiteTeam "SV Ebersbach"]
[BlackTeam "SF Gerresheim"]

1. Nf3 Nf6 2. d4 g6 3. g3 Bg7 4. Bg2 O-O 5. O-O d6 6. c4 Nc6 7. Nc3 Bf5 8. d5
Na5 9. Nd4 Bd7 10. Qd3 c5 11. dxc6 Nxc6 12. Nxc6 bxc6 13. h3 Rb8 14. Rb1 Qc8
15. Kh2 Rd8 16. Rd1 Be6 17. b3 d5 18. cxd5 cxd5 19. e4 dxe4 20. Qxd8+ Qxd8 21.
Rxd8+ Rxd8 22. Be3 Ng4+ 23. hxg4 Bxc3 24. Rc1 Be5 25. g5 Bf5 26. Rc4 a5 27.
Bxe4 Be6 28. Rc2 Bd4 29. Rd2 Bb6 30. Rxd8+ Bxd8 1/2-1/2

[Event "29. Staufer-Open (A)"]
[Site "?"]
[Date "2017.01.03"]
[Round "3"]
[White "Wolf, Rainer"]
[Black "Pfreundt, Jakob"]
[Result "0-1"]
[WhiteElo "2009"]
[BlackElo "2347"]
[PlyCount "50"]
[EventDate "2017.??.??"]
[WhiteTeam "SC Weiße Dame Ulm"]
[BlackTeam "Königsspr. SC"]

1. Nf3 d5 2. e3 Nf6 3. Be2 c5 4. d4 Nc6 5. O-O Bg4 6. Nc3 e6 7. h3 Bh5 8. b3
Rc8 9. Bb2 Bxf3 10. Bxf3 cxd4 11. exd4 Bd6 12. Qd2 Bb8 13. g3 h5 14. h4 Ne7 15.
Rad1 Nf5 16. Rfe1 Kf8 17. Qg5 Rh6 18. Re5 Rg6 19. Qf4 Ng4 20. Bxd5 Nxd4 21.
Bxb7 Bxe5 22. Qe4 f5 23. Qd3 Nxf2 24. Kxf2 Rxg3 25. Qa6 Qxh4 0-1

[Event "29. Staufer-Open (A)"]
[Site "?"]
[Date "2017.01.03"]
[Round "3"]
[White "Wichmann, Cliff"]
[Black "Lenz, Jonas"]
[Result "1/2-1/2"]
[WhiteElo "2319"]
[BlackElo "2013"]
[PlyCount "73"]
[EventDate "2017.??.??"]
[WhiteTeam "ESV Nickelhütte Aue"]
[BlackTeam "SK Bad Homburg"]

1. d4 Nf6 2. Nf3 g6 3. c4 Bg7 4. Nc3 d5 5. Bf4 O-O 6. Rc1 c5 7. dxc5 dxc4 8. e3
Qa5 9. Bxc4 Qxc5 10. Bb3 Qh5 11. Ne5 Qxd1+ 12. Rxd1 Nc6 13. Nxc6 bxc6 14. O-O
Bb7 15. Rd2 Nd5 16. Nxd5 cxd5 17. Bxd5 Bxd5 18. Rxd5 Bxb2 19. Rb5 Bg7 20. g4 a6
21. Ra5 Bc3 22. Rc5 Rfc8 23. Rxc8+ Rxc8 24. Rc1 Rc5 25. Kf1 f6 26. Bb8 Kf7 27.
Ba7 Rc7 28. Bb8 Rc5 29. Ba7 Rc7 30. Bb6 Rb7 31. Rxc3 Rxb6 32. Rc2 Ke6 33. Ke2
Kd7 34. f4 Rb4 35. h4 h6 36. Kf3 Ra4 37. Rd2+ 1/2-1/2

[Event "29. Staufer-Open (A)"]
[Site "?"]
[Date "2017.01.03"]
[Round "3"]
[White "Schoenwaelder, Bernd"]
[Black "Jurek, Josef"]
[Result "0-1"]
[WhiteElo "1993"]
[BlackElo "2272"]
[PlyCount "42"]
[EventDate "2017.??.??"]
[WhiteTeam "SC Kirchentellinsfurt"]
[BlackTeam "SG Schwäbisch Gmünd"]

1. Nf3 c5 2. c4 g6 3. g3 Bg7 4. Bg2 Nc6 5. O-O d6 6. d3 Rb8 7. Nc3 a6 8. Be3
Nh6 9. Qc1 Nf5 10. Bd2 O-O 11. e3 b5 12. Nh4 Ne5 13. Nxf5 Bxf5 14. e4 Bg4 15.
f3 Nxd3 16. Qb1 bxc4 17. fxg4 Rxb2 18. Qd1 Qa5 19. Nb1 c3 20. Be1 c4 21. e5
Qb6+ 0-1

[Event "29. Staufer-Open (A)"]
[Site "?"]
[Date "2017.01.03"]
[Round "3"]
[White "Pfeifer, Wilfried"]
[Black "Kahrovic, Mersid"]
[Result "0-1"]
[WhiteElo "1973"]
[BlackElo "2268"]
[PlyCount "78"]
[EventDate "2017.??.??"]
[WhiteTeam "TSF Ditzingen"]
[BlackTeam "SF 90 Spraitbach"]

1. f4 Nf6 2. Nf3 c5 3. d3 d5 4. g3 Nc6 5. Bg2 Bg4 6. e3 h5 7. h3 Bf5 8. Qe2 e6
9. Nc3 Bg6 10. e4 Nd4 11. Nxd4 cxd4 12. Nd1 Be7 13. O-O dxe4 14. dxe4 Qb6 15.
Nf2 Nd7 16. Nd3 f6 17. a3 e5 18. b4 Rc8 19. Bb2 Rc6 20. Rf2 Qc7 21. Bc1 Rc3 22.
Bb2 Rc6 23. Bc1 a6 24. Nb2 Rc3 25. Nd3 Kd8 26. Bb2 Rc6 27. a4 Qb6 28. Ba3 Rc3
29. Bb2 Rc7 30. Ba3 Qc6 31. b5 Qc3 32. Bxe7+ Kxe7 33. Qe1 Qxe1+ 34. Rxe1 a5 35.
Nb2 Rhc8 36. Rc1 Rc3 37. Kh2 d3 38. Bf1 Rxc2 39. Rfxc2 Rxc2+ 0-1